Statistiken für Wahrzeichen Deutschlands

Klicken Sie hier um das Quiz zu spielen!

Allgemein

  • Dieses Quiz wurde 113 mal gespielt
  • Das Durchschnittsergebnis liegt bei 43 aus 184

Antwortstatistiken

Antwort% Korrekt
Berlin
98%
Berlin
74%
Berlin
73%
Dresden
72%
München
72%
Berlin
71%
Hamburg
71%
Wuppertal
71%
Köln
70%
München
68%
München
68%
Lübeck
67%
Dresden
66%
Köln
66%
München
66%
München
65%
Hamburg
63%
München
63%
Dortmund
62%
Dresden
60%
Essen
60%
Koblenz
60%
Frankfurt am Main
59%
Frankfurt am Main
59%
München
57%
Potsdam
57%
Berlin
56%
Trier
56%
Hamburg
55%
Hamburg
55%
Chemnitz
54%
Düsseldorf
54%
Leipzig
54%
Bremen
52%
Düsseldorf
50%
Heidelberg
46%
Rügen
45%
Ulm
45%
München
44%
Jena
43%
Dortmund
40%
Karlsruhe
40%
Rügen
39%
Trier
39%
Bonn
38%
Rügen
38%
Schwerin
38%
Aachen
35%
Oberhausen
35%
Leipzig
33%
Oldenburg
32%
Stralsund
32%
Berlin
30%
Erfurt
30%
Münster
30%
Kassel
29%
Bayreuth
28%
Stuttgart
28%
Usedom
28%
Würzburg
28%
Erfurt
24%
München
24%
Stuttgart
24%
Detmold
23%
Speyer
23%
Nürnberg
22%
Rügen
22%
Stralsund
22%
Hannover
21%
Waren (Müritz)
20%
Halle (Saale)
18%
Mainz
18%
Münster
18%
Nürnberg
18%
Porta Westfalica
18%
Bremen
17%
Essen
17%
Leipzig
17%
Bonn
16%
Dortmund
16%
Düsseldorf
16%
Magdeburg
16%
Regensburg
16%
Braunschweig
15%
Darmstadt
15%
Frankfurt am Main
15%
Mannheim
15%
Regensburg
15%
Stralsund
15%
Halle (Saale)
13%
Hannover
13%
Hildesheim
13%
Leipzig
13%
Lübeck
13%
Ludwigshafen/Mannheim
13%
Nürnberg
13%
Wilhelmshaven
13%
Würzburg
13%
Düsseldorf
12%
Hiddensee
12%
Rostock
12%
Wiesbaden
12%
Augsburg
11%
Bielefeld
11%
Düsseldorf
11%
Ingolstadt
11%
Kiel
11%
Osnabrück
11%
Rostock
11%
Rüdesheim am Rhein
11%
Aachen
10%
Bonn
10%
Dortmund
10%
Flensburg
10%
Hildesheim
10%
Marburg
10%
Saarbrücken
10%
Augsburg
9%
Darmstadt
9%
Hildesheim
9%
Karlsruhe
9%
Landshut
9%
Potsdam
9%
Trier
9%
Usedom
9%
Hildesheim
7%
Kiel
7%
Koblenz
7%
Kulmbach
7%
Landshut
7%
Marburg
7%
Speyer
7%
Straubing
7%
Wiesbaden
7%
Augsburg
6%
Bonn
6%
Flensburg
6%
Flensburg
6%
Neubrandenburg
6%
Osnabrück
6%
Paderborn
6%
Paderborn
6%
Saarbrücken
6%
Siegen
6%
Aachen
5%
Braunschweig
5%
Greifswald
5%
Hannover
5%
Ingolstadt
5%
Ingolstadt
5%
Kiel
5%
Krefeld
5%
Marl
5%
Mönchengladbach
5%
Naumburg
5%
Naumburg
5%
Neubrandenburg
5%
Ravensburg
5%
Schweinfurt
5%
Speyer
5%
Speyer
5%
Aachen
4%
Augsburg
4%
Bautzen
4%
Braunschweig
4%
Celle
4%
Flensburg
4%
Greifswald
4%
Greifswald
4%
Ingolstadt
4%
Oldenburg
4%
Wismar
4%
Bautzen
2%
Celle
2%
Görlitz
2%
Herrenberg
2%
Minden
2%
Mönchengladbach
2%
Schweinfurt
2%
Wilhelmshaven
2%
Straubing
1%
Wismar
1%
Memmingen
0%
Waren (Müritz)
0%

Verteilung der Resultate

Perzentil nach korrekt beantworteten Fragen

Anzahl Personen mit jedem Resultat

Ihre Resultats-Entwicklung

Sie haben dieses Quiz noch nicht gespielt